| 000 | 00349nam a2200133Ia 4500 | ||
|---|---|---|---|
| 008 | 240624s9999 xx 000 0 und d | ||
| 041 | _aeng | ||
| 082 | _a153.4 GIG | ||
| 100 | _aGIGERENZER GERD | ||
| 245 | _aGUT FEELINGS THE INTELLIGENCE OF THE UNC | ||
| 260 |
_c2007 _aNew Delhi _bViking Books |
||
| 300 | _a280 : p. : cm. ; 24 | ||
| 365 |
_cBPS _b20 |
||
| 999 |
_c11784 _d11784 |
||